[Event "FIN-chT 1516"]
[Site "Finland"]
[Date "2016.02.07"]
[Round "8.5"]
[White "Hynninen, Juha"]
[Black "Fieandt, John"]
[Result "1-0"]
[WhiteElo "2241"]
[BlackElo "2169"]
[PlyCount "57"]
[EventDate "2015.09.12"]
[EventType "team-tourn"]
[EventRounds "11"]
[EventCountry "FIN"]
[SourceTitle "CBM 170 Extra"]
[Source "ChessBase"]
[SourceDate "2016.02.25"]
[SourceVersion "1"]
[SourceVersionDate "2016.02.25"]
[SourceQuality "1"]
[WhiteTeam "Salo SalSK"]
[BlackTeam "Helsinki HSK"]
[WhiteTeamCountry "FIN"]
[BlackTeamCountry "FIN"]

1. d4 Nf6 2. c4 g6 3. Nc3 d5 4. cxd5 Nxd5 5. e4 Nxc3 6. bxc3 Bg7 7. Be3 c5 8. Nf3 Nc6 9. Qd2 Qa5 10. Rb1 cxd4 11. cxd4 Qxd2+ 12. Kxd2 0-0 13. d5 Rd8 14. Bd3 Na5 15. Bg5 Kf8 16. Rhd1 f5 17. Rbc1 fxe4 18. Bxe4 Bf5 19. Bxf5 gxf5 20. Ke3 Rdc8 21. Rxc8+ Rxc8 22. Kf4 Kf7 23. Kxf5 Rc2 24. Rc1 Re2 25. Rc7 Kf8 26. Rc8+ Kf7 27. Rc7 Kf8 28. Be3 Rxa2 29. Ke6 1-0

[Event "FIN-chT 1516"]
[Site "Finland"]
[Date "2015.10.11"]
[Round "4.6"]
[White "Pulkkinen, Kari"]
[Black "Hynninen, Juha"]
[Result "1-0"]
[WhiteElo "2234"]
[BlackElo "2241"]
[PlyCount "91"]
[EventDate "2015.09.12"]
[EventType "team-tourn"]
[EventRounds "11"]
[EventCountry "FIN"]
[SourceTitle "EXT 2017"]
[Source "ChessBase"]
[SourceDate "2016.10.25"]
[SourceVersion "1"]
[SourceVersionDate "2016.10.25"]
[SourceQuality "1"]
[WhiteTeam "Espoo MatSK"]
[BlackTeam "Salo SalSK"]
[WhiteTeamCountry "FIN"]
[BlackTeamCountry "FIN"]

1. g3 g6 2. Bg2 Bg7 3. f4 d5 4. Nf3 c5 5. 0-0 Nf6 6. d3 0-0 7. Nc3 d4 8. Na4 Qa5 9. c4 Bd7 10. b3 Bxa4 11. bxa4 Nbd7 12. Bd2 Qc7 13. a5 Ng4 14. Rb1 Rab8 15. Qa4 Ne3 16. Bxe3 dxe3 17. Rb3 b6 18. Rfb1 bxa5 19. Rxb8 Rxb8 20. Rxb8+ Nxb8 21. Qe8+ Bf8 22. Ng5 e6 23. Bh3 Nc6 24. Bxe6 Nd8 25. Bxf7+ Nxf7 26. Qxf8+ Kxf8 27. Ne6+ Ke7 28. Nxc7 Nd8 29. Nd5+ Kd6 30. Nxe3 Nc6 31. Kf2 a4 32. Ke1 a3 33. Nc2 Nb4 34. Nxa3 a6 35. Kd2 Nxa2 36. Nc2 a5 37. e3 Nb4 38. Na3 a4 39. d4 Ke6 40. Kc3 Kf5 41. dxc5 Nc6 42. Kd3 Kg4 43. Ke4 h5 44. Kd5 Ne7+ 45. Ke6 Nc8 46. Kf6 1-0

[Event "FIN-chT 1516"]
[Site "Finland"]
[Date "2015.10.10"]
[Round "3.7"]
[White "Mertanen, Janne"]
[Black "Hynninen, Juha"]
[Result "1-0"]
[WhiteElo "2251"]
[BlackElo "2241"]
[PlyCount "135"]
[EventDate "2015.09.12"]
[EventType "team-tourn"]
[EventRounds "11"]
[EventCountry "FIN"]
[SourceTitle "EXT 2017"]
[Source "ChessBase"]
[SourceDate "2016.10.25"]
[SourceVersion "1"]
[SourceVersionDate "2016.10.25"]
[SourceQuality "1"]
[WhiteTeam "Tampere Tammer"]
[BlackTeam "Salo SalSK"]
[WhiteTeamCountry "FIN"]
[BlackTeamCountry "FIN"]

1. d4 Nf6 2. c4 g6 3. Nc3 Bg7 4. e4 d6 5. Nf3 0-0 6. Be2 Na6 7. 0-0 e5 8. Be3 Ng4 9. Bg5 Qe8 10. Re1 exd4 11. Nxd4 Qe5 12. Nf3 Qc5 13. Bh4 Re8 14. Nd2 Nf6 15. Bg3 Qb6 16. Rb1 Nc5 17. Qc2 a5 18. Bf1 Bd7 19. h3 a4 20. Bf4 Qb4 21. Rbc1 Ne6 22. Be3 Nc5 23. f3 Bc6 24. Ndb1 Nfd7 25. Kh1 Ne6 26. Na3 Rec8 27. Red1 Nec5 28. Rd2 Nb6 29. Rdd1 Nbd7 30. Qf2 Ne6 31. Rc2 Re8 32. Nd5 Bxd5 33. cxd5 Nec5 34. Nc4 b5 35. Bd2 Qxc4 36. Bxc4 bxc4 37. Rxc4 Ne5 38. Rc2 Ned3 39. Qf1 Nxb2 40. Rb1 Nbd3 41. Bc3 Bh6 42. Rd1 Ne5 43. Bd4 Ned7 44. Rb1 a3 45. Rc4 Bf4 46. Rcb4 h5 47. h4 Bg3 48. Qb5 Bxh4 49. Kh2 Bg5 50. Qc6 Rec8 51. g3 Bd2 52. Qb5 Bxb4 53. Rxb4 f6 54. Qe2 Kf7 55. Kg2 Rh8 56. Bf2 g5 57. f4 gxf4 58. gxf4 Rag8+ 59. Kh3 Rg4 60. Qf3 Rhg8 61. Rb1 Ke7 62. Re1 Nb7 63. Re3 Kf7 64. Rxa3 Re8 65. Ra7 Rb8 66. e5 dxe5 67. fxe5 Nxe5 68. Qb3 1-0

[Event "FIN-chT 1213"]
[Site "Finland"]
[Date "2012.11.17"]
[Round "6.6"]
[White "Hynninen, Juha"]
[Black "Toivola, Jari"]
[Result "1/2-1/2"]
[WhiteElo "2194"]
[BlackElo "2230"]
[PlyCount "119"]
[EventDate "2012.09.28"]
[EventType "team-tourn"]
[EventRounds "11"]
[EventCountry "FIN"]
[SourceTitle "CBM 151 Extra"]
[Source "ChessBase"]
[SourceDate "2012.12.18"]
[SourceVersion "1"]
[SourceVersionDate "2012.12.18"]
[SourceQuality "1"]
[WhiteTeam "Salo SK"]
[BlackTeam "Helsinki Aatos"]
[WhiteTeamCountry "FIN"]
[BlackTeamCountry "FIN"]

1. e4 c5 2. Nf3 d6 3. Bb5+ Nc6 4. Bxc6+ bxc6 5. 0-0 Bg4 6. e5 d5 7. h3 Bxf3 8. Qxf3 e6 9. d3 Ne7 10. Bg5 Qc7 11. Bxe7 Bxe7 12. Qe2 0-0 13. Nd2 Rab8 14. b3 Qa5 15. f4 Qc3 16. Nf3 c4 17. dxc4 dxc4 18. Qd2 Qb2 19. Rfb1 Qa3 20. Qc3 cxb3 21. axb3 Qc5+ 22. Qxc5 Bxc5+ 23. Kf1 Rfd8 24. Ra4 Rb4 25. Rba1 Rxa4 26. Rxa4 Bb6 27. Rc4 c5 28. Ke2 f6 29. exf6 gxf6 30. Rc3 Kf7 31. Rd3 Rd5 32. g4 Ke7 33. f5 Rxd3 34. Kxd3 exf5 35. gxf5 Kd6 36. Ke4 Ba5 37. Nh2 Bd2 38. Nf3 Ba5 39. Nh2 Be1 40. Ng4 Bc3 41. Ne3 Kc6 42. Nd5 Be5 43. Ne3 Bc3 44. Ng4 Bd4 45. Nh2 Kb5 46. Nf3 Bc3 47. Kd3 Kb4 48. Ng1 a5 49. Ne2 Be5 50. Nc1 c4+ 51. bxc4 a4 52. c3+ Kc5 53. Na2 a3 54. Nc1 Bf4 55. Na2 Kd6 56. Kd4 Be5+ 57. Kd3 Bf4 58. Kd4 Be5+ 59. Kd3 Bf4 60. Kd4 1/2-1/2

[Event "Helsinki HSL Easter 4th Group M"]
[Site "Helsinki"]
[Date "2012.04.07"]
[Round "4"]
[White "Hynninen, Juha"]
[Black "Nokso Koivisto, Antti"]
[Result "1-0"]
[WhiteElo "2178"]
[BlackElo "2128"]
[PlyCount "81"]
[EventDate "2012.04.05"]
[EventType "tourn"]
[EventRounds "7"]
[EventCountry "FIN"]
[SourceTitle "EXT 2022"]
[Source "ChessBase"]
[SourceDate "2021.10.06"]
[SourceVersion "1"]
[SourceVersionDate "2021.10.06"]
[SourceQuality "1"]

1. d4 d5 2. c4 e6 3. Nc3 Nf6 4. Bg5 Be7 5. e3 0-0 6. cxd5 exd5 7. Bd3 c6 8. Qc2 Nbd7 9. Nge2 Re8 10. 0-0 Nf8 11. Bxf6 Bxf6 12. b4 Be7 13. b5 Bd6 14. Ng3 Re6 15. bxc6 bxc6 16. Bf5 Rh6 17. f4 Qh4 18. Rf3 Qxh2+ 19. Kf2 Bxf5 20. Nxf5 Rg6 21. Rg1 Bb4 22. Ne2 Rb8 23. Neg3 Ba3 24. Rh1 Qxh1 25. Nxh1 Rb2 26. Qxb2 Bxb2 27. Ne7+ Kh8 28. Nxg6+ Nxg6 29. f5 Nf8 30. Ke2 Nd7 31. Rf1 Ba3 32. Rb1 Nb6 33. Nf2 h6 34. Nd3 Bd6 35. Ne5 Bxe5 36. dxe5 Kg8 37. a4 Kf8 38. a5 Nc4 39. Rb8+ Ke7 40. Rb7+ Kd8 41. Rxf7 1-0

[Event "Helsinki HSL Easter 4th Group M"]
[Site "Helsinki"]
[Date "2012.04.06"]
[Round "3"]
[White "Ebeling, Daniel"]
[Black "Hynninen, Juha"]
[Result "0-1"]
[WhiteElo "2242"]
[BlackElo "2178"]
[PlyCount "64"]
[EventDate "2012.04.05"]
[EventType "tourn"]
[EventRounds "7"]
[EventCountry "FIN"]
[SourceTitle "EXT 2022"]
[Source "ChessBase"]
[SourceDate "2021.10.06"]
[SourceVersion "1"]
[SourceVersionDate "2021.10.06"]
[SourceQuality "1"]

1. e4 e5 2. d4 exd4 3. Qxd4 Nc6 4. Qe3 d6 5. Nc3 g6 6. Bd2 Bg7 7. 0-0-0 Nf6 8. f4 0-0 9. Nf3 Bg4 10. h3 Bxf3 11. Qxf3 Nd4 12. Qd3 c5 13. g4 Nd7 14. h4 h6 15. Bh3 Nb6 16. Kb1 Re8 17. e5 dxe5 18. f5 e4 19. Qg3 Nc4 20. Bc1 Na3+ 21. bxa3 Qb6+ 22. Bb2 Ne2 23. Na4 Qxb2+ 24. Nxb2 Nxg3 25. Rhe1 Bd4 26. fxg6 fxg6 27. Bf1 Nxf1 28. Rxf1 e3 29. Rde1 e2 30. Rf3 Rf8 31. Rxf8+ Rxf8 32. c3 Rf1 0-1

[Event "Helsinki HSL Easter 4th Group M"]
[Site "Helsinki"]
[Date "2012.04.05"]
[Round "1"]
[White "Hynninen, Juha"]
[Black "Valli, Frans"]
[Result "1/2-1/2"]
[WhiteElo "2178"]
[BlackElo "2257"]
[PlyCount "95"]
[EventDate "2012.04.05"]
[EventType "tourn"]
[EventRounds "7"]
[EventCountry "FIN"]
[SourceTitle "EXT 2022"]
[Source "ChessBase"]
[SourceDate "2021.10.06"]
[SourceVersion "1"]
[SourceVersionDate "2021.10.06"]
[SourceQuality "1"]

1. c4 Nf6 2. Nc3 c5 3. g3 g6 4. Bg2 Bg7 5. Nf3 Nc6 6. 0-0 0-0 7. d4 cxd4 8. Nxd4 Nxd4 9. Qxd4 d6 10. Qd3 Nd7 11. b3 Rb8 12. Bd2 a6 13. a4 Nc5 14. Qc2 Bf5 15. e4 Bd7 16. b4 Ne6 17. a5 Nd4 18. Qd3 Nc6 19. Rab1 Ne5 20. Qe2 Rc8 21. c5 dxc5 22. bxc5 Rxc5 23. Rxb7 Rxa5 24. Rd1 Qc8 25. Rbb1 Rc5 26. Nd5 Re8 27. Bb4 Rc2 28. Rd2 Rxd2 29. Qxd2 Bf8 30. f4 Nc4 31. Qa2 Bb5 32. Bf1 a5 33. Be1 Qa6 34. Rxb5 Qxb5 35. Bxc4 Qc6 36. Nc3 Qf6 37. Nd5 Qd4+ 38. Bf2 Qxe4 39. Nc7 Rb8 40. Bxf7+ Kh8 41. Bb3 Bg7 42. Ne6 Bf6 43. Nc5 Qb4 44. Qe2 Bd4 45. Na6 Bxf2+ 46. Qxf2 Qxb3 47. Qd4+ Kg8 48. Nxb8 1/2-1/2